| 000 | 00495nam a2200133Ia 4500 | ||
|---|---|---|---|
| 008 | 171212s9999 xx 000 0 und d | ||
| 020 | _a9780874212464 | ||
| 100 | _aBloom, Lynn | ||
| 245 |
_cBloom, Lynn _aComposition Studies As A Creative Art |
||
| 260 |
_bUniversity Press of Colorado _c1998 |
||
| 650 | _aEnglish language -- Rhetoric -- Study and teaching; English language -- Composition and exercises | ||
| 650 | _aLanguage & Literature | ||
| 856 | _uwww.jstor.org/stable/10.2307/j.ctt46nrpz | ||
| 999 |
_c353049 _d353049 |
||